EVERYDAY PSYCHOLOGY (Record no. 33128)
[ view plain ]
| 000 -LEADER | |
|---|---|
| fixed length control field | 00399nam a22001697a 4500 |
| 003 - CONTROL NUMBER IDENTIFIER | |
| control field | SGT |
| 020 ## - INTERNATIONAL STANDARD BOOK NUMBER | |
| International Standard Book Number | 9789359112961 |
| 082 ## - DEWEY DECIMAL CLASSIFICATION NUMBER | |
| Classification number | 150 |
| Item number | E24K |
| 100 ## - MAIN ENTRY--PERSONAL NAME | |
| Personal name | KHAN WAHEEDA |
| 245 ## - TITLE STATEMENT | |
| Title | EVERYDAY PSYCHOLOGY |
| 250 ## - EDITION STATEMENT | |
| Edition statement | 1ST |
| 260 ## - PUBLICATION, DISTRIBUTION, ETC. (IMPRINT) | |
| Place of publication, distribution, etc | INDIA |
| Name of publisher, distributor, etc | WALNUT PUB |
| Year of Publication | 2024 |
| 300 ## - PAGE DESCRIPTION | |
| No. of Pages | 251 |
| 650 ## - SUBJECT ADDED ENTRY--TOPICAL TERM | |
| Topical term or geographic name as entry element | PSYCHOLOGY |
| 653 ## - KEYWORDS--INDEX TERM | |
| Keyword term | EVERYDAY PSYCHOLOGY |
| -- | SGT UNIVERSITY FACULTY PUBLICATION |
| 942 ## - ADDED ENTRY ELEMENTS (KOHA) | |
| Source of classification or shelving scheme | Dewey Decimal Classification |
| Koha item type | Books |
| Withdrawn status | Lost status | Source of classification or shelving scheme | Damaged status | Not for loan | Collection code | Home library | Current library | Shelving location | Date acquired | Vendor Name | Cost, normal purchase price | SGTU | Full call number | Accession No. (Barcode) | Date last seen | Bill Date | Koha item type |
|---|---|---|---|---|---|---|---|---|---|---|---|---|---|---|---|---|---|
| Dewey Decimal Classification | Not For Loan | MEDICAL | SGT Medical Library | SGT Medical Library | Reference Book | 04/11/2025 | COPM | 800.00 | SGTU | 150 E24K | FM15544 | 04/11/2025 | 04/11/2025 | Books |